000 00380nam a22001697a 4500
005 20160623104742.0
008 160623b xxu||||| |||| 00| 0 eng d
020 _a978-0-8144-0919-0
041 _aeng
082 _b9071
100 _aCohen, William A
_92553
245 _aA class with Drucker
260 _bAmacom
300 _a248
650 _aManagement
_9241
942 _cBK
999 _c3633
_d3632